[Event "IND-chT 34th"]
[Site "Kanpur"]
[Date "2014.02.17"]
[Round "5.4"]
[White "Swapnil, S Dhopade"]
[Black "Ravi, Teja M"]
[Result "1-0"]
[WhiteElo "2427"]
[BlackElo "1802"]
[PlyCount "93"]
[EventDate "2014.02.14"]
[EventType "team-swiss"]
[EventRounds "9"]
[EventCountry "IND"]
[SourceTitle "CBM 158 Extra"]
[Source "ChessBase"]
[SourceDate "2014.02.28"]
[SourceVersion "1"]
[SourceVersionDate "2014.02.28"]
[SourceQuality "1"]
[WhiteTeam "Railway Sports"]
[BlackTeam "Andhra Pradesh"]
[WhiteTeamCountry "IND"]
[BlackTeamCountry "IND"]

1. d4 d5 2. c4 c6 3. Nc3 e6 4. Nf3 Nf6 5. e3 Bd6 6. Bd3 Nbd7 7. Qc2 e5 8. cxd5 cxd5 9. Nb5 Bb4+ 10. Bd2 Bxd2+ 11. Nxd2 0-0 12. 0-0 e4 13. Be2 Nb6 14. Rfc1 Bd7 15. Qb3 Bc6 16. a4 a5 17. Qc3 Bxb5 18. Bxb5 Nc8 19. Be2 Nd6 20. Qb3 Qd7 21. Rc5 Rfc8 22. Rac1 Rab8 23. Qb6 Rd8 24. Rxa5 Nc8 25. Qc7 Qxc7 26. Rxc7 b6 27. Rb5 Nd6 28. Rb3 Nfe8 29. Rc6 Ra8 30. Rb4 Rdc8 31. Rc3 Rxc3 32. bxc3 Rb8 33. c4 dxc4 34. Nxc4 Nxc4 35. Bxc4 Nd6 36. Bd5 Kf8 37. g3 Ke7 38. a5 b5 39. a6 Nc8 40. Bxe4 Rb6 41. Bb7 Na7 42. Kf1 Kd6 43. Ke2 Kc7 44. Kd3 Rh6 45. h4 Rf6 46. Rb2 Rb6 47. Rc2+ 1-0